| 000 | 00532nam a22001937a 4500 | ||
|---|---|---|---|
| 003 | OSt | ||
| 005 | 20130507200021.0 | ||
| 008 | 130507s1996 sp ||||| |||| 00| 0 cat d | ||
| 020 | _a8482562320 | ||
| 040 | _cCDMR | ||
| 100 | 1 |
_9799 _aCasasús, Josep Maria |
|
| 245 | 1 |
_aPeriodisme català que ha fet història _cJosep M. Casasús |
|
| 260 |
_aBarcelona _bProa _c1996 |
||
| 300 | _a455 p. | ||
| 490 | 0 | _aMonografies | |
| 650 | 0 | 4 |
_93172 _aPeriodisme _zCatalunya _xHistòria |
| 650 | 0 | 4 |
_92400 _aPeriodistes _zCatalunya |
| 942 |
_2udc _cMON |
||
| 999 |
_c6189 _d6189 |
||